Statistics for Countries ending in ''NA''

Click here to take the quiz!

General Stats

  • This quiz has been taken 49 times
  • The average score is 3 of 5

Answer Stats

Answer% Correct
Ghana
60%
Argentina
55%
China
55%
Botswana
51%
Guyana
51%

Score Distribution

Percentile by Number Answered

Percent of People with Each Score

Your Score History

You have not taken this quiz